000
00291nam a22001337a 4500
008
170529b xxu||||| |||| 00| 0 eng d
020
_a
2900205484941
041
_a
eng
080
_a
93
100
_a
16
101
_a
SHH
245
_a
IN CONFLICT AND ORDER
_c
EITZEN, D.S
942
_2
udc
_c
BK
999
_c
14936
_d
14936